000 01501cam a22002174a 4500
001 14080484
005 20260119054018.0
008 050819s2006 nyu b 001 0 eng
020 _a9780393329810
082 _a337.0904 FRI
100 1 _aFrieden, Jeffry A.
245 1 0 _aGlobal capitalism :
_bits fall and rise in the twentieth century /
_cJeffry A. Frieden.
250 _a1st ed.
260 _aNew York :
_bW.W. Norton,
_c2006.
300 _axvii, 556 p. ;
_c25 cm.
505 0 _aInto the twentieth century -- I: Last best years of the golden age, 1896-1914. Global capitalism triumphant -- Defenders of the global economy -- Success stories of the golden age -- Failures of development -- Problems of the global economy -- II: Things fall apart, 1914-1939. "All that is solid melts into air..." -- The world of tomorrow -- The established order collapses -- The turn to Autarky -- Building a social democracy -- III: Together again, 1939-1973. Reconstruction east and west -- The Bretton Woods system in action -- Decolonization and development -- Socialism in many countries -- The end of Bretton Woods -- IV: Globalization, 1973-2000. Crisis and change -- Globalizers victorious -- Countries catch up -- Countries fall behind -- Global capitalism troubled.
650 0 _aInternational economic relations
_xHistory
_y20th century.
650 0 _aCapitalism
_xHistory
_y20th century.
856 4 1 _3Table of contents
_uhttp://www.loc.gov/catdir/toc/ecip0518/2005024357.html
942 _2ddc
_cBK
999 _c111699
_d111699